=LDR 00000nam 2200000 4500 =001 NUTBA000000000003171 =005 20140805110717.0 =006 =007 =008 =020 ##$$a 979-22-30228-9 =035 ##$$a 0010-081400000000015 =040 ##$$a Ind =082 ##$$a 781.1 =090 ##$$a 781.1$bShe m =100 ##$$a Sheppard, philip =245 ##$$a Music makes your child smarter$cPhilip sheppard =260 ##$$a Jakarta$bGramedia$c2007. =300 ##$$a 381 Hlm$bIlus$c25 cm. =850 ##$$a NBPNMAT =990 ##$$a 21105983 =990 ##$$a 0001/BPAP-NTB/20142014